| 000 | 01462 a2200241 4500 | ||
|---|---|---|---|
| 999 |
_c11131 _d11131 |
||
| 020 | _a9781583942482 | ||
| 050 | 0 | 0 |
_aRC271.I45 _bG67 2011 |
| 100 | 1 |
_aGorter, Robert, _d1946- _eauthor |
|
| 245 | 1 | 0 |
_aFighting cancer : _ba nontoxic approach to treatment / _cRobert Gorter and Erik Peper. |
| 264 |
_a Berkeley : _b North Atlantic Books, _c2011 |
||
| 300 |
_axvi, 368 pages _billustrations |
||
| 336 |
_2rdacontent _atext _btxt |
||
| 337 |
_2rdamedia _aunmediated _bn |
||
| 338 |
_2rdacarrier _avolume _bnc |
||
| 504 | _aIncludes bibliographical references (p. 319-356) and index. | ||
| 505 | 0 | _aAsking questions -- Challenges in the war on cancer -- Question I wished I'd asked -- Why me? -- New perspectives on cancer -- Immune therapy -- The Gorter model -- Therapeutic fever -- Restoring immune function -- Extended immune therapies -- Self-care -- Optimizing/evolutionizing your health -- Getting your lifestyle in sync -- The role of the mind in healing -- Breath for healing -- Physical relaxation -- Healing visualization -- The role of hope -- Appendix A: problem solving -- Appendix B: glossary -- Appendix C: web resources. | |
| 650 | 0 |
_aCancer _xImmunotherapy. |
|
| 650 | 0 | _acancer treatment | |
| 700 | 1 | _aPeper, Erik. | |
| 856 | 4 | 1 |
_3Table of contents only _uhttp://www.loc.gov/catdir/toc/fy11pdf03/2010039986.html |
| 942 |
_2lcc _cBK _h271.145 _iGOR _kRC |
||